| 000 | 01132nam a2200229Ia 4500 | ||
|---|---|---|---|
| 003 | Ost | ||
| 005 | 20260507075128.0 | ||
| 008 | 260507s9999||||xx |||||||||||||| ||und|| | ||
| 020 | _a7241345977 | ||
| 040 | _cfsecg | ||
| 041 | _aara | ||
| 082 | _a330 | ||
| 100 |
_aالحداد، عماد _eمؤلف |
||
| 245 | 0 |
_aكيف تتغلب على الضغوط النفسية في العمل : _bدليل عملي للتخلص من ضغوط الحياة الملحة / _c عماد الحداد |
|
| 250 | _aطبعة 2 | ||
| 260 |
_aالقاهرة: _bدار الفاروق للنشر والتوزيع, _c2006 |
||
| 300 |
_a96 صفحة؛ _bإيضاحات ؛ _c24 سم |
||
| 520 | _aالوصول الى نمط تفكير يساعد في التغلب على الضغوط النفسية- التغلب على الغضب- التخفيف من مشاعر القلق- التخفيف من حدة الضغوط النفسية الناتجة عن العلاقات الشخصية- القيم والأهداف وعلاقتهما بالضغوط النفسية. | ||
| 653 | _aالضغوط النفسية | ||
| 653 | _aالعمل | ||
| 942 | _cكتاب | ||
| 999 |
_c43182 _d43182 |
||